Organizačná výstavba firmy čo všetko treba urobiť, aby sme obstáli v konkurencii trhu

Časté chyby v organizačnej výstavbe firmy. Predpoklady na zmeny organizačnej štruktúry firmy. Charakteristika organizačnej štruktúry firmy podľa jednotlivých fáz jej životného cyklu. Rozbor piatich fáz vývoja firmy.

Uložené v:
Podrobná bibliografia
Hlavný autor: Čunderlík, Dušan
Médium: Kniha
Jazyk:Slovak
Predmet:
Tagy: Pridať tag
Žiadne tagy, Buďte prvý, kto otaguje tento záznam!

MARC

LEADER 00000nam a2200000 4500
001 r031849
005 20230824094913.6
041 0 |a slo 
044 |a SK 
245 1 0 |a Organizačná výstavba firmy  |b čo všetko treba urobiť, aby sme obstáli v konkurencii trhu  |c Dušan Čunderlík 
520 |a Časté chyby v organizačnej výstavbe firmy. Predpoklady na zmeny organizačnej štruktúry firmy. Charakteristika organizačnej štruktúry firmy podľa jednotlivých fáz jej životného cyklu. Rozbor piatich fáz vývoja firmy. 
610 2 0 |a štruktúra podniku organizačná 
610 2 0 |a vývoj podniku 
610 2 0 |a zmeny organizačné 
610 2 0 |a rozvoj podniku 
610 2 0 |a manažment 
610 2 0 |a podnik 
100 1 |a Čunderlík, Dušan